[Event "4th Staunton Mem"]
[Site "London/Crowthorne ENG"]
[Date "2006.08.14"]
[Round "1"]
[White "Howell, D."]
[Black "L'Ami, E."]
[Result "0-1"]
[WhiteElo "2479"]
[BlackElo "2586"]
[PlyCount "46"]
[EventDate "2006.08.14"]

1. e4 e5 2. Nf3 Nc6 3. Bb5 Nf6 4. d3 d6 5. c3 Bd7 6. Nbd2 g6 7. Nf1 Bg7 8. Ng3
O-O 9. O-O Qe8 10. Kh1 Kh8 11. h3 Ng8 12. Nh2 f5 13. f4 Nce7 14. Bxd7 Qxd7 15.
exf5 gxf5 16. fxe5 dxe5 17. Nh5 Ng6 18. Nf3 Rae8 19. Bg5 Bh6 20. Ng3 Bxg5 21.
Nxg5 Nf4 22. Rxf4 exf4 23. Ne2 Qe7 0-1

[Event "4th Staunton Mem"]
[Site "London/Crowthorne ENG"]
[Date "2006.08.14"]
[Round "1"]
[White "Visser, Y."]
[Black "Levitt, J."]
[Result "1-0"]
[WhiteElo "2516"]
[BlackElo "2431"]
[PlyCount "65"]
[EventDate "2006.08.14"]

1. e4 e6 2. d3 c5 3. g3 Nc6 4. Bg2 g6 5. f4 Bg7 6. Nf3 Nge7 7. O-O O-O 8. c3 b5
9. Be3 d6 10. e5 Rb8 11. Nbd2 dxe5 12. Nxe5 Nxe5 13. fxe5 Qc7 14. Ne4 Bb7 15.
Nf6+ Kh8 16. Bxb7 Rxb7 17. Qf3 b4 18. g4 bxc3 19. bxc3 Nd5 20. Rae1 Nxe3 21.
Rxe3 Rb2 22. Qh3 h6 23. g5 Rfb8 24. Re4 h5 25. Nxh5 gxh5 26. Qxh5+ Kg8 27. g6
Rb1 28. Qh7+ Kf8 29. Ref4 Rxf1+ 30. Rxf1 Rb1 31. Rxb1 Qxe5 32. Qh4 fxg6 33.
Qd8+ 1-0

[Event "4th Staunton Mem"]
[Site "London/Crowthorne ENG"]
[Date "2006.08.14"]
[Round "1"]
[White "Sokolov, Iv"]
[Black "Day, L."]
[Result "1-0"]
[WhiteElo "2652"]
[BlackElo "2278"]
[PlyCount "75"]
[EventDate "2006.08.14"]

1. d4 Nf6 2. c4 e6 3. Nf3 d5 4. Nc3 Nbd7 5. cxd5 exd5 6. Bg5 Be7 7. e3 c6 8.
Bd3 Nh5 9. Bxe7 Qxe7 10. O-O O-O 11. Qb1 g6 12. b4 Ndf6 13. b5 c5 14. dxc5 Qxc5
15. Qb2 Qd6 16. Rfd1 Be6 17. a4 Rfd8 18. a5 Rab8 19. h3 Qe7 20. Nd4 Rd6 21. Be2
Ng7 22. Qa3 Nfe8 23. a6 Qg5 24. Nxe6 Nxe6 25. Ne4 dxe4 26. Rxd6 Nxd6 27. Qxd6
Rd8 28. axb7 Rxd6 29. b8=Q+ Rd8 30. Qxa7 Nc5 31. Bc4 Rd7 32. b6 Qe7 33. Qb8+
Kg7 34. Ra7 Rd1+ 35. Kh2 Nd7 36. Qf4 Rd6 37. Bb5 f5 38. Bxd7 1-0

[Event "4th Staunton Mem"]
[Site "London/Crowthorne ENG"]
[Date "2006.08.14"]
[Round "1"]
[White "Bosboom Lanchava, T."]
[Black "Wells, P."]
[Result "1-0"]
[WhiteElo "2389"]
[BlackElo "2480"]
[PlyCount "55"]
[EventDate "2006.08.14"]

1. d4 Nf6 2. c4 e6 3. Nc3 Bb4 4. e3 O-O 5. Nge2 Re8 6. a3 Bf8 7. g3 d5 8. cxd5
exd5 9. Bg2 c6 10. Nf4 g6 11. O-O h5 12. Re1 Bg7 13. h4 Bf5 14. f3 Na6 15. Qb3
Re7 16. Bd2 Ne8 17. Kh1 Nd6 18. e4 Bd7 19. Be3 Kh7 20. exd5 Rxe3 21. Rxe3 Nf5
22. dxc6 Nxe3 23. cxd7 Nxg2 24. Ne4 Nxf4 25. Ng5+ Kg8 26. Qxf7+ Kh8 27. gxf4
Qf6 28. Qe8+ 1-0

[Event "4th Staunton Mem"]
[Site "London/Crowthorne ENG"]
[Date "2006.08.15"]
[Round "2"]
[White "Day, L."]
[Black "Werle, J."]
[Result "0-1"]
[WhiteElo "2278"]
[BlackElo "2531"]
[PlyCount "78"]
[EventDate "2006.08.14"]

1. e4 e5 2. Nc3 Nc6 3. Bc4 Nf6 4. d3 Bb4 5. Nge2 d5 6. exd5 Nxd5 7. Bxd5 Qxd5
8. O-O Qd7 9. f4 b6 10. f5 Bb7 11. Ne4 f6 12. N2g3 O-O-O 13. Be3 Rhg8 14. Rf2
Be7 15. a3 Rdf8 16. Qd2 Bd8 17. Raf1 Ne7 18. c4 Nc6 19. Qc3 Nd4 20. b4 g6 21.
Bxd4 exd4 22. Qd2 Kb8 23. b5 c5 24. a4 Qe7 25. Re1 Re8 26. Rfe2 Qc7 27. Rf1 g5
28. Rfe1 Re5 29. Nf2 Rge8 30. Rxe5 Rxe5 31. Rxe5 Qxe5 32. Qe2 Qxe2 33. Nxe2 Kc7
34. Ng3 Kd6 35. Nge4+ Ke5 36. g3 Be7 37. g4 Kf4 38. Ng3 Bf3 39. h3 Kxg3 0-1

[Event "4th Staunton Mem"]
[Site "London/Crowthorne ENG"]
[Date "2006.08.15"]
[Round "2"]
[White "Levitt, J."]
[Black "Sokolov, Iv"]
[Result "0-1"]
[WhiteElo "2431"]
[BlackElo "2652"]
[PlyCount "104"]
[EventDate "2006.08.14"]

1. d4 d5 2. c4 e6 3. Nf3 Bb4+ 4. Bd2 a5 5. a3 Bxd2+ 6. Nbxd2 Nf6 7. e3 O-O 8.
Be2 Nbd7 9. O-O Qe7 10. Qc2 c5 11. cxd5 Nxd5 12. Bb5 cxd4 13. Nxd4 N7f6 14.
Rac1 Rd8 15. Rfd1 Bd7 16. Bxd7 Rxd7 17. Nb5 Rad8 18. Nb3 Ra8 19. Qc5 Qd8 20.
Qc2 Qb6 21. Qc5 Qd8 22. Qc2 Qe8 23. e4 Ne3 24. fxe3 Rxd1+ 25. Qxd1 Qxb5 26. Rc5
Qb6 27. Qc2 Rd8 28. Nd4 Ng4 29. Rb5 Qd6 30. e5 Nxe5 31. Qc5 Qxc5 32. Rxc5 Ng4
33. Rxa5 e5 34. h3 exd4 35. exd4 Nf6 36. Ra7 b6 37. Rb7 Nd5 38. Kf2 g6 39. Ke2
Rd6 40. g3 h5 41. Kd3 Kg7 42. Kc4 Ne3+ 43. Kb5 Nf5 44. Rxb6 Nxd4+ 45. Kc5 Rxb6
46. Kxb6 f5 47. Kc5 Nb3+ 48. Kc4 g5 49. Kd3 Kf6 50. Ke3 Ke5 51. a4 f4+ 52.
gxf4+ gxf4+ 0-1

[Event "4th Staunton Mem"]
[Site "London/Crowthorne ENG"]
[Date "2006.08.15"]
[Round "2"]
[White "Adams, Mi"]
[Black "Howell, D."]
[Result "1-0"]
[WhiteElo "2732"]
[BlackElo "2479"]
[PlyCount "189"]
[EventDate "2006.08.14"]

1. e4 e5 2. Nf3 Nc6 3. Bb5 a6 4. Ba4 Nf6 5. O-O Nxe4 6. d4 b5 7. Bb3 d5 8. dxe5
Be6 9. Be3 Bc5 10. Bxc5 Nxc5 11. Nc3 d4 12. Ne2 Bxb3 13. axb3 Ne6 14. Qd3 O-O
15. Rad1 Qd5 16. Nexd4 Ncxd4 17. Nxd4 Qxe5 18. Nxe6 Qxe6 19. Qc3 c5 20. Rfe1
Qc6 21. Re5 Rad8 22. Rxd8 Rxd8 23. h3 Rc8 24. b4 c4 25. b3 h6 26. Rc5 Qe6 27.
Rxc8+ Qxc8 28. bxc4 bxc4 29. Kf1 Qe6 30. Qd4 h5 31. f3 g6 32. Kf2 Kh7 33. c3
Kg8 34. Qe4 Qb6+ 35. Kf1 Qb5 36. Ke2 Qg5 37. g4 hxg4 38. hxg4 Qb5 39. f4 Kf8
40. g5 Kg8 41. Ke3 Qb6+ 42. Qd4 Qe6+ 43. Qe5 Qd7 44. Qe4 Qa7+ 45. Kf3 Qg1 46.
Qxc4 Qe1 47. Qd4 Qh1+ 48. Ke3 Qh3+ 49. Kd2 Qg2+ 50. Kd3 Qf3+ 51. Kc2 Qe2+ 52.
Kb3 Qf1 53. Qe4 Kf8 54. Kc2 Kg8 55. Kd2 Kh7 56. Ke3 Qd1 57. Qc4 Kg8 58. Qd3 Qg4
59. Qd8+ Kh7 60. Qf6 Kg8 61. Qe5 Qd1 62. Ke4 Qd7 63. Qc5 Qg4 64. Qe5 Qd7 65.
Qd4 Qf5+ 66. Ke3 Qh3+ 67. Kd2 Qg2+ 68. Kd3 Qf3+ 69. Kc2 Qe2+ 70. Kb3 Qf1 71. c4
Qb1+ 72. Ka3 Qc2 73. b5 axb5 74. cxb5 Qb1 75. Ka4 Qa2+ 76. Kb4 Qb1+ 77. Kc5
Qf5+ 78. Qe5 Qc8+ 79. Kb4 Qd8 80. Qe3 Qd6+ 81. Ka5 Qd5 82. Qe8+ Kh7 83. Qe5
Qa2+ 84. Kb6 Kg8 85. Kb7 Qg2+ 86. Kb8 Qf2 87. Qd6 Qe3 88. b6 Qe8+ 89. Kc7 Qb5
90. b7 Qa5+ 91. Kc8 Qf5+ 92. Kd8 Qa5+ 93. Ke7 Qa7 94. Qd8+ Kh7 95. Qc7 1-0

[Event "4th Staunton Mem"]
[Site "London/Crowthorne ENG"]
[Date "2006.08.16"]
[Round "3"]
[White "Bosboom Lanchava, T."]
[Black "Day, L."]
[Result "1-0"]
[WhiteElo "2389"]
[BlackElo "2278"]
[PlyCount "75"]
[EventDate "2006.08.14"]

1. d4 Nf6 2. Nf3 d6 3. c4 Bf5 4. g3 h6 5. Bg2 c6 6. O-O Nbd7 7. Nfd2 e5 8. e4
Bh7 9. d5 Qb6 10. Nc3 a5 11. b3 Be7 12. Re1 O-O 13. Nf1 Nc5 14. Rb1 Qa6 15. a3
Rfb8 16. h3 cxd5 17. Nxd5 Nxd5 18. Qxd5 b5 19. Bf3 bxc4 20. Bh5 Kh8 21. Qxf7
Qa7 22. Qxc4 d5 23. Qxd5 Rd8 24. Qc4 Rd4 25. Qe2 Rxe4 26. Be3 Rxe3 27. Nxe3 Bd3
28. Qg4 Rf8 29. Bg6 Bxb1 30. Bxb1 Bg5 31. b4 Nb3 32. Qe4 g6 33. Qxe5+ Bf6 34.
Qd6 Qg7 35. Ng4 Bc3 36. Re7 Qg8 37. Nxh6 Rd8 38. Qxd8 1-0

[Event "4th Staunton Mem"]
[Site "London/Crowthorne ENG"]
[Date "2006.08.16"]
[Round "3"]
[White "Sokolov, Iv"]
[Black "L'Ami, E."]
[Result "1-0"]
[WhiteElo "2652"]
[BlackElo "2586"]
[PlyCount "61"]
[EventDate "2006.08.14"]

1. d4 Nf6 2. c4 g6 3. Nc3 d5 4. cxd5 Nxd5 5. Bd2 Bg7 6. e4 Nb6 7. Be3 O-O 8.
Bb5 Bd7 9. Be2 Nc6 10. f4 e6 11. Nf3 Ne7 12. Qb3 f5 13. Ne5 fxe4 14. Nxe4 Nbd5
15. Bc4 Nf5 16. Bxd5 exd5 17. Qxd5+ Kh8 18. Bf2 Be8 19. Qxd8 Rxd8 20. O-O-O Nd6
21. Nc5 Rxf4 22. Be3 Rf7 23. Ne6 Rc8 24. Nxf7+ Bxf7 25. Nxg7 Bxa2 26. Nh5 gxh5
27. Bf4 Bd5 28. Rhe1 Be4 29. Re3 Kg7 30. Rc3 Nf5 31. Bxc7 1-0

[Event "4th Staunton Mem"]
[Site "London/Crowthorne ENG"]
[Date "2006.08.16"]
[Round "3"]
[White "Werle, J."]
[Black "Levitt, J."]
[Result "1/2-1/2"]
[WhiteElo "2531"]
[BlackElo "2431"]
[PlyCount "85"]
[EventDate "2006.08.14"]

1. Nf3 d5 2. d4 Nf6 3. c4 c6 4. Nc3 a6 5. c5 g6 6. Bf4 Bg7 7. e3 Nh5 8. Bg5 h6
9. Bh4 g5 10. Nd2 gxh4 11. Qxh5 e5 12. dxe5 Qg5 13. Qd1 Qxe5 14. Nb3 Nd7 15.
Qc2 O-O 16. Be2 b6 17. cxb6 Nxb6 18. O-O Bf5 19. Qd2 Nc4 20. Bxc4 dxc4 21. Nd4
Bd3 22. Nxc6 Qd6 23. Nd4 h3 24. g3 Bxf1 25. Rxf1 Rfd8 26. Nce2 Rab8 27. Qc2 Qg6
28. Qxc4 Bxd4 29. exd4 Rxb2 30. Nf4 Qd6 31. Nxh3 Rb4 32. Qe2 Qe6 33. Qh5 Rd5
34. Qf3 Rdxd4 35. Nf4 Qf6 36. Re1 Rxf4 37. gxf4 Rxf4 38. Qg3+ Qg5 39. Qxg5+
hxg5 40. Re5 Rg4+ 41. Kf1 Ra4 42. Rxg5+ Kh7 43. Kg2 1/2-1/2

[Event "4th Staunton Mem"]
[Site "London/Crowthorne ENG"]
[Date "2006.08.16"]
[Round "3"]
[White "Visser, Y."]
[Black "Adams, Mi"]
[Result "0-1"]
[WhiteElo "2516"]
[BlackElo "2732"]
[PlyCount "114"]
[EventDate "2006.08.14"]

1. e4 e5 2. Nf3 Nc6 3. Bb5 a6 4. Ba4 Nf6 5. O-O Be7 6. Re1 b5 7. Bb3 d6 8. c3
O-O 9. d3 Na5 10. Bc2 c5 11. Nbd2 Nd7 12. Nf1 Nc6 13. Ne3 Nb6 14. Bb3 Be6 15.
d4 exd4 16. cxd4 Nxd4 17. Nxd4 cxd4 18. Qxd4 Bf6 19. Qd3 Rc8 20. Rb1 Nc4 21.
Bxc4 bxc4 22. Qa3 Be5 23. h3 Qd7 24. Bd2 f5 25. exf5 Bxf5 26. Nxf5 Qxf5 27. Be3
d5 28. Rbd1 d4 29. f4 dxe3 30. fxe5 Qf2+ 31. Kh2 e2 32. Rc1 Rc6 33. Qc3 Kh8 34.
e6 Rxe6 35. Qxc4 Re3 36. Qg4 h6 37. Rc7 Qf6 38. Rcc1 Qd6+ 39. Kg1 Qd2 40. Kh2
Qxb2 41. Rc8 Rfe8 42. Qd7 Qe5+ 43. Kg1 Qh5 44. Qc6 a5 45. a4 Rxc8 46. Qxc8+ Re8
47. Qc6 Qe5 48. Qb5 Qe3+ 49. Kh1 Re5 50. Qb8+ Kh7 51. Qb1+ g6 52. Qb8 Re7 53.
Qf8 h5 54. Qf6 Qe4 55. h4 Kg8 56. Kg1 Rf7 57. Qd6 Rf1+ 0-1

[Event "4th Staunton Mem"]
[Site "London/Crowthorne ENG"]
[Date "2006.08.17"]
[Round "4"]
[White "Howell, D."]
[Black "Visser, Y."]
[Result "0-1"]
[WhiteElo "2479"]
[BlackElo "2516"]
[PlyCount "80"]
[EventDate "2006.08.14"]

1. e4 e6 2. d4 d5 3. Nd2 Nf6 4. e5 Nfd7 5. f4 c5 6. c3 Nc6 7. Ndf3 Qa5 8. a3
Nxd4 9. Nxd4 cxd4 10. b4 Qc7 11. cxd4 Nb6 12. Be3 Bd7 13. Rc1 Qd8 14. Nf3 a5
15. Qb3 Ba4 16. Qb1 axb4 17. axb4 Qd7 18. b5 Nc4 19. Rxc4 dxc4 20. Bxc4 Rc8 21.
Bd3 Rc3 22. Kf2 Be7 23. Rc1 Rb3 24. Qa2 Ba3 25. Bc2 Bxc1 26. Bxb3 Bxe3+ 27.
Kxe3 Bxb3 28. Qxb3 O-O 29. Ng5 h6 30. Ne4 Qc7 31. Qc3 Qd8 32. g3 Qd5 33. Nd6
Ra8 34. h4 Qa2 35. Nc4 Rc8 36. Kd3 Qf2 37. Qb4 Qf1+ 38. Kc3 Qe1+ 39. Kb3 Qxg3+
40. Kb2 Qf2+ 0-1

[Event "4th Staunton Mem"]
[Site "London/Crowthorne ENG"]
[Date "2006.08.17"]
[Round "4"]
[White "Day, L."]
[Black "Wells, P."]
[Result "1-0"]
[WhiteElo "2278"]
[BlackElo "2480"]
[PlyCount "81"]
[EventDate "2006.08.14"]

1. e4 c5 2. Nc3 Nc6 3. f4 g6 4. Nf3 Bg7 5. a3 d6 6. Be2 e6 7. O-O Nge7 8. Qe1
O-O 9. d3 b6 10. Bd1 Qd7 11. Rb1 a5 12. Bd2 Ba6 13. Ne2 f5 14. e5 dxe5 15. fxe5
Nxe5 16. Nf4 N7c6 17. b4 axb4 18. axb4 cxb4 19. Qh4 Rae8 20. Re1 Nxf3+ 21. Bxf3
Nd4 22. Bd1 b3 23. c4 b5 24. Bb4 Rf7 25. Bxb3 Nxb3 26. Rxb3 bxc4 27. Ra3 cxd3
28. Rxa6 Qd4+ 29. Qf2 Qxb4 30. Nxd3 Qc4 31. Rd6 e5 32. Rc1 Qb5 33. Qa2 Qb7 34.
Nc5 Qa8 35. Ra6 Qc8 36. Ra7 Ref8 37. Nd3 Qe8 38. Rcc7 Bf6 39. Rxf7 Rxf7 40. Ra8
Bd8 41. Qd5 1-0

[Event "4th Staunton Mem"]
[Site "London/Crowthorne ENG"]
[Date "2006.08.18"]
[Round "5"]
[White "Bosboom Lanchava, T."]
[Black "L'Ami, E."]
[Result "0-1"]
[WhiteElo "2389"]
[BlackElo "2586"]
[PlyCount "32"]
[EventDate "2006.08.14"]

1. Nf3 c5 2. c4 Nc6 3. e3 g6 4. d4 Bg7 5. Nc3 d6 6. Be2 Nh6 7. d5 Na5 8. Qc2
O-O 9. h4 a6 10. h5 Ng4 11. hxg6 fxg6 12. Ng5 Rxf2 13. Rxh7 Qf8 14. Qxg6 Rxe2+
15. Kxe2 Qf2+ 16. Kd1 Qf1+ 0-1

[Event "4th Staunton Mem"]
[Site "London/Crowthorne ENG"]
[Date "2006.08.18"]
[Round "5"]
[White "Wells, P."]
[Black "Levitt, J."]
[Result "1/2-1/2"]
[WhiteElo "2480"]
[BlackElo "2431"]
[PlyCount "46"]
[EventDate "2006.08.14"]

1. e4 e6 2. d4 d5 3. Nd2 c5 4. Ngf3 cxd4 5. Nxd4 Nc6 6. Bb5 Bd7 7. Nxc6 Bxc6 8.
Bxc6+ bxc6 9. c4 Qa5 10. Qc2 d4 11. O-O Rd8 12. Nf3 c5 13. Ne5 Ne7 14. a3 f6
15. Bd2 Qa6 16. Nd3 Ng6 17. b4 Rc8 18. f4 Be7 19. f5 Ne5 20. b5 Qb7 21. Nxe5
fxe5 22. fxe6 Bf6 23. a4 O-O 1/2-1/2

[Event "4th Staunton Mem"]
[Site "London/Crowthorne ENG"]
[Date "2006.08.19"]
[Round "6"]
[White "Howell, D."]
[Black "Werle, J."]
[Result "0-1"]
[WhiteElo "2479"]
[BlackElo "2531"]
[PlyCount "128"]
[EventDate "2006.08.14"]

1. e4 e5 2. Nf3 Nc6 3. Bb5 a6 4. Ba4 Nf6 5. O-O Be7 6. Re1 b5 7. Bb3 d6 8. c3
O-O 9. h3 Na5 10. Bc2 c5 11. d4 Qc7 12. Nbd2 cxd4 13. cxd4 Nc6 14. Nb3 a5 15.
Be3 a4 16. Nbd2 Bd7 17. Rc1 Qb7 18. Nf1 Rfe8 19. Ng3 Bd8 20. d5 Ne7 21. Nh4 Kh8
22. Qf3 Rf8 23. Nhf5 Nxf5 24. Nxf5 Bxf5 25. Qxf5 Bb6 26. Bg5 Ng8 27. Bd3 Bc5
28. Qf3 f6 29. Bd2 Rfc8 30. Qe2 Qb6 31. Kf1 b4 32. Rc4 Ne7 33. Rec1 Qb7 34. Qe1
Rab8 35. Qd1 Qa7 36. Be1 Rf8 37. Qf3 Rf7 38. h4 b3 39. a3 Rbf8 40. Bb4 Bxb4 41.
Rxb4 f5 42. exf5 g6 43. Kg1 gxf5 44. Bb5 Ng6 45. Qc3 f4 46. Qh3 Qe7 47. Rbc4 e4
48. Qe6 Qxh4 49. Rc8 Rxc8 50. Rxc8+ Kg7 51. Qxe4 Ne5 52. Rc3 Qh5 53. Be2 Qg5
54. Rh3 h6 55. Qxa4 f3 56. Bf1 fxg2 57. Bxg2 Nf3+ 58. Rxf3 Rxf3 59. Qd4+ Rf6
60. Qd1 Rg6 61. Qd4+ Kh7 62. Qe4 Qc1+ 63. Kh2 Qxb2 64. Qe7+ Qg7 0-1

[Event "4th Staunton Mem"]
[Site "London/Crowthorne ENG"]
[Date "2006.08.19"]
[Round "6"]
[White "Visser, Y."]
[Black "Sokolov, Iv"]
[Result "0-1"]
[WhiteElo "2516"]
[BlackElo "2652"]
[PlyCount "58"]
[EventDate "2006.08.14"]

1. e4 e5 2. Bc4 Nf6 3. Nc3 Bc5 4. d3 c6 5. Nf3 d6 6. O-O Nbd7 7. a3 Bb6 8. Ba2
h6 9. Ne2 Nf8 10. Ng3 Ng6 11. d4 exd4 12. Nxd4 O-O 13. Ndf5 Bxf5 14. exf5 Ne5
15. Bf4 Re8 16. Qd2 d5 17. Rae1 Ned7 18. c4 Nc5 19. cxd5 cxd5 20. Rd1 Nce4 21.
Qd3 Rc8 22. Qf3 Nxf2 23. Rxf2 Rc2 24. Nh1 Ree2 25. Bg3 Ne4 26. Rdf1 Rxb2 27.
Bb1 Nxf2 28. Bxf2 Bxf2+ 29. Nxf2 Rxf2 0-1

[Event "4th Staunton Mem"]
[Site "London/Crowthorne ENG"]
[Date "2006.08.21"]
[Round "7"]
[White "Bosboom Lanchava, T."]
[Black "Howell, D."]
[Result "0-1"]
[WhiteElo "2389"]
[BlackElo "2479"]
[PlyCount "134"]
[EventDate "2006.08.14"]

1. d4 Nf6 2. c4 g6 3. Nf3 Bg7 4. g3 O-O 5. Bg2 d6 6. Nc3 Nc6 7. O-O Rb8 8. Re1
a6 9. Rb1 Nd7 10. b4 e6 11. a4 a5 12. b5 Nb4 13. Bf4 Qe7 14. Qc1 c5 15. bxc6
bxc6 16. c5 dxc5 17. Bxb8 cxd4 18. Nxd4 Bxd4 19. Bf4 f5 20. Be3 e5 21. Rd1 Qc5
22. Rb3 Qc4 23. Ra3 Bxe3 24. fxe3 e4 25. Qd2 Ne5 26. Raa1 Qf7 27. Qd4 Qe7 28.
Rac1 Ba6 29. h3 h5 30. Qb6 Nc4 31. Qd4 Qg5 32. Nxe4 fxe4 33. Rxc4 Qxg3 34. Rf1
Rxf1+ 35. Kxf1 Nd5 36. Rc3 Bxe2+ 37. Kxe2 Qxg2+ 38. Ke1 Qg1+ 39. Ke2 Qg2+ 40.
Ke1 Qh1+ 41. Kd2 Qh2+ 42. Kc1 Nxc3 43. Qd8+ Kf7 44. Qd7+ Kf6 45. Qxc6+ Kg5 46.
Qxc3 Qg1+ 47. Kc2 Qf2+ 48. Kb1 Qf5 49. Qe1 Qxh3 50. Qxa5+ Kg4 51. Qb6 Qf1+ 52.
Kb2 Qf5 53. a5 h4 54. a6 h3 55. Qd6 Qf2+ 56. Ka3 Qxe3+ 57. Ka4 g5 58. Qd7+ Kg3
59. Qc7+ Qf4 60. Qc3+ e3+ 61. Kb5 h2 62. Qe1+ Qf2 63. Qc1 Qf5+ 64. Kb6 Qe6+ 65.
Kc7 Qe5+ 66. Kb6 Qd4+ 67. Kb7 Qe4+ 0-1

[Event "4th Staunton Mem"]
[Site "London/Crowthorne ENG"]
[Date "2006.08.21"]
[Round "7"]
[White "Day, L."]
[Black "Levitt, J."]
[Result "0-1"]
[WhiteElo "2278"]
[BlackElo "2431"]
[PlyCount "80"]
[EventDate "2006.08.14"]

1. e4 c5 2. f4 Nc6 3. Nf3 g6 4. Bb5 Bg7 5. Bxc6 bxc6 6. d3 d6 7. Nc3 Nf6 8. O-O
O-O 9. Qe1 a5 10. a4 c4 11. dxc4 Ba6 12. Qh4 Bxc4 13. Re1 e5 14. fxe5 dxe5 15.
Be3 Nh5 16. Qxd8 Rfxd8 17. Rad1 Re8 18. Rd6 Rec8 19. Rd2 f6 20. Bc5 Nf4 21. Nb1
Bf7 22. Rd7 Be8 23. Rdd1 Ne6 24. Be3 c5 25. b3 c4 26. Na3 cxb3 27. cxb3 Rab8
28. Nd2 Bf8 29. Nac4 Bb4 30. Rf1 Kg7 31. Rf3 Rd8 32. Rdf1 Nf4 33. R1f2 g5 34.
Bb6 Rxd2 35. Nxd2 Rxb6 36. Nc4 Rc6 37. Rc2 Bh5 38. Rf1 Ne2+ 39. Kh1 Nd4 40. Rb2
Be2 0-1

[Event "4th Staunton Mem"]
[Site "London/Crowthorne ENG"]
[Date "2006.08.22"]
[Round "8"]
[White "Howell, D."]
[Black "Wells, P."]
[Result "0-1"]
[WhiteElo "2479"]
[BlackElo "2480"]
[PlyCount "56"]
[EventDate "2006.08.14"]

1. d4 Nf6 2. c4 e6 3. Nc3 Bb4 4. e3 b6 5. Nge2 Ba6 6. a3 Be7 7. Nf4 d5 8. cxd5
Bxf1 9. Kxf1 exd5 10. Qf3 c6 11. g4 O-O 12. b3 Re8 13. Qg2 Bd6 14. g5 Ne4 15.
Nxe4 Rxe4 16. f3 Re8 17. Nh5 Nd7 18. h4 g6 19. Ng3 c5 20. f4 cxd4 21. Qxd5 Bf8
22. exd4 Qc7 23. Rh2 Qc3 24. Qxd7 Qxa1 25. Rc2 Rad8 26. Qc7 Qxd4 27. Rd2 Qe3
28. Rxd8 Qf3+ 0-1

[Event "4th Staunton Mem"]
[Site "London/Crowthorne ENG"]
[Date "2006.08.22"]
[Round "8"]
[White "Visser, Y."]
[Black "Bosboom Lanchava, T."]
[Result "0-1"]
[WhiteElo "2516"]
[BlackElo "2389"]
[PlyCount "72"]
[EventDate "2006.08.14"]

1. e4 g6 2. d4 Bg7 3. Nc3 c6 4. g3 d6 5. a4 a5 6. Bg2 Na6 7. Nge2 Nf6 8. h3 Nb4
9. Bg5 O-O 10. f4 h6 11. Bh4 e5 12. O-O exd4 13. Nxd4 Qb6 14. Kh1 Ng4 15. Nxc6
Nf2+ 16. Rxf2 Qxf2 17. Ne7+ Kh7 18. Qxd6 Rd8 19. Qxd8 Bxh3 20. Bxh3 Rxd8 21.
Ned5 Nxd5 22. Nxd5 f6 23. Rf1 Qxc2 24. g4 Qxe4+ 25. Bg2 Qd4 26. Nc3 Qb4 27. Rf2
Re8 28. Kh2 f5 29. gxf5 gxf5 30. Bh3 Qc5 31. Rg2 Bd4 32. Ne2 Be3 33. Bf6 Rg8
34. Be5 Rxg2+ 35. Kxg2 Kg6 36. Kf3 Bf2 0-1

[Event "4th Staunton Mem"]
[Site "London/Crowthorne ENG"]
[Date "2006.08.23"]
[Round "9"]
[White "Day, L."]
[Black "Adams, Mi"]
[Result "0-1"]
[WhiteElo "2278"]
[BlackElo "2732"]
[PlyCount "26"]
[EventDate "2006.08.14"]

1. e4 e5 2. f4 exf4 3. Nf3 Ne7 4. d4 d5 5. Bd3 dxe4 6. Bxe4 Ng6 7. h4 Bd6 8.
Nc3 O-O 9. Qd3 h6 10. Ne2 Nd7 11. Qb3 Nb6 12. c4 Be6 13. Qc2 Bxc4 0-1

[Event "4th Staunton Mem"]
[Site "London/Crowthorne ENG"]
[Date "2006.08.23"]
[Round "9"]
[White "Wells, P."]
[Black "Visser, Y."]
[Result "1-0"]
[WhiteElo "2480"]
[BlackElo "2516"]
[PlyCount "53"]
[EventDate "2006.08.14"]

1. d4 Nf6 2. Bg5 Ne4 3. Bf4 d5 4. e3 c5 5. Bd3 cxd4 6. Bxe4 dxe4 7. exd4 Nc6 8.
Ne2 e5 9. dxe5 Qxd1+ 10. Kxd1 Bg4 11. Nbc3 O-O-O+ 12. Kc1 h6 13. Re1 g5 14. Bd2
Bg7 15. Nxe4 Nxe5 16. Bc3 Rhe8 17. N2g3 h5 18. h3 h4 19. hxg4 hxg3 20. f3 Kc7
21. a4 f5 22. gxf5 g4 23. fxg4 Nxg4 24. Bxg7 Nf2 25. Bf6 Rc8 26. Ra3 Nxe4 27.
Bh4 1-0

[Event "4th Staunton Mem"]
[Site "London/Crowthorne ENG"]
[Date "2006.08.23"]
[Round "9"]
[White "Levitt, J."]
[Black "L'Ami, E."]
[Result "0-1"]
[WhiteElo "2431"]
[BlackElo "2586"]
[PlyCount "116"]
[EventDate "2006.08.14"]

1. d4 Nf6 2. c4 e6 3. Nc3 Bb4 4. e3 b6 5. Nge2 Ba6 6. a3 Be7 7. Ng3 d5 8. Qf3
c6 9. b3 O-O 10. Bb2 Bb7 11. Rd1 Nbd7 12. e4 dxe4 13. Ncxe4 Qc7 14. Bd3 Nxe4
15. Qxe4 g6 16. Qe3 Bf6 17. O-O Rad8 18. Ne4 Bg7 19. Rd2 c5 20. dxc5 Bxb2 21.
Rxb2 Bxe4 22. Bxe4 Qe5 23. Re2 Nxc5 24. b4 Nxe4 25. Qxe4 Qxe4 26. Rxe4 Rd3 27.
Re3 Rfd8 28. c5 bxc5 29. bxc5 Kf8 30. g3 Rxe3 31. fxe3 Rb8 32. Rf4 Rb1+ 33. Kf2
Rc1 34. Ra4 Rxc5 35. Rxa7 Rc2+ 36. Kf3 Rxh2 37. a4 h5 38. a5 Ra2 39. a6 Kg7 40.
Kf4 Kf6 41. Ra8 Ra4+ 42. Kf3 Kg5 43. a7 Kf5 44. Rb8 Rxa7 45. Rb5+ Kf6 46. g4
hxg4+ 47. Kxg4 Ra4+ 48. Kf3 g5 49. e4 Ra3+ 50. Kf2 Kg6 51. Rb8 Ra4 52. Kf3 f5
53. exf5+ exf5 54. Rg8+ Kf6 55. Rf8+ Ke6 56. Re8+ Kf7 57. Rb8 Ra3+ 58. Kf2 Kg6
0-1

[Event "4th Staunton Mem"]
[Site "London/Crowthorne ENG"]
[Date "2006.08.24"]
[Round "10"]
[White "Adams, Mi"]
[Black "Levitt, J."]
[Result "1-0"]
[WhiteElo "2732"]
[BlackElo "2431"]
[PlyCount "71"]
[EventDate "2006.08.14"]

1. e4 e6 2. d4 d5 3. e5 c5 4. c3 Nc6 5. Nf3 Qb6 6. Be2 Nh6 7. Bxh6 gxh6 8. Qd2
Bg7 9. O-O O-O 10. Na3 Bd7 11. Nc2 cxd4 12. cxd4 f6 13. exf6 Rxf6 14. b4 a6 15.
a4 Rxf3 16. a5 Qa7 17. Bxf3 Nxd4 18. Ra3 Rc8 19. Nxd4 Qxd4 20. Rd3 Qf6 21. Re1
Bc6 22. Rde3 Re8 23. Bh5 Re7 24. Rf3 Qh4 25. Rxe6 Rxe6 26. Bf7+ Kh8 27. Bxe6 d4
28. Rf4 Qg5 29. g3 Qe5 30. Bc4 h5 31. Qe2 Qd6 32. b5 axb5 33. Bxb5 Qc5 34. Bxc6
Qc1+ 35. Kg2 Qxc6+ 36. Qf3 1-0

[Event "4th Staunton Mem"]
[Site "London/Crowthorne ENG"]
[Date "2006.08.24"]
[Round "10"]
[White "Howell, D."]
[Black "Day, L."]
[Result "1-0"]
[WhiteElo "2479"]
[BlackElo "2278"]
[PlyCount "92"]
[EventDate "2006.08.14"]

1. e4 e5 2. Nf3 Nc6 3. Bb5 a6 4. Ba4 Nf6 5. O-O Be7 6. Re1 b5 7. Bb3 d6 8. c3
O-O 9. h3 Qd7 10. d4 Re8 11. Nbd2 Bf8 12. d5 Nd8 13. Nf1 Kh8 14. Bc2 g6 15. a4
Bb7 16. b3 c6 17. c4 b4 18. dxc6 Bxc6 19. N3h2 Ne6 20. Ng4 Ng8 21. Bb2 Qb7 22.
Nd2 Bg7 23. Ne3 Nc5 24. Nd5 a5 25. Nf1 Bxd5 26. cxd5 Rf8 27. Ne3 Qe7 28. Rc1
Bh6 29. Bb1 Nf6 30. Rc4 Nfd7 31. g3 Kg8 32. Re2 Nb6 33. Rc1 Qd7 34. Ng4 Bg7 35.
Bxe5 Bxe5 36. Nxe5 Qxh3 37. Nd3 Nxd3 38. Bxd3 Nd7 39. Re3 Rac8 40. Bf1 Qh6 41.
Rc6 Ne5 42. Rxc8 Rxc8 43. f4 Rc7 44. Kg2 Nd7 45. Bb5 f6 46. Bc6 Qg7 1-0

[Event "4th Staunton Mem"]
[Site "London/Crowthorne ENG"]
[Date "2006.08.24"]
[Round "10"]
[White "Sokolov, Iv"]
[Black "Wells, P."]
[Result "1/2-1/2"]
[WhiteElo "2652"]
[BlackElo "2480"]
[PlyCount "60"]
[EventDate "2006.08.14"]

1. d4 Nf6 2. c4 e6 3. Nf3 d5 4. Nc3 dxc4 5. e3 a6 6. a4 c5 7. Bxc4 Nc6 8. O-O
Be7 9. dxc5 Qxd1 10. Rxd1 Bxc5 11. Bd2 b6 12. Bd3 Nb4 13. Be2 Bb7 14. a5 bxa5
15. Rxa5 Be7 16. Ne5 O-O 17. f3 Rfd8 18. e4 Nc2 19. Bd3 Bb4 20. Na4 Ne3 21.
Bxb4 Nxd1 22. Ba3 Ne3 23. Be7 Nd7 24. Bxd8 Nxe5 25. Rxe5 Rxd8 26. Be2 Rd2 27.
Nc3 Rxb2 28. Rc5 g6 29. Rc7 Rc2 30. Rxb7 Rxc3 1/2-1/2